| 000 | 00549 a2200169 4500 | ||
|---|---|---|---|
| 003 | OSt | ||
| 005 | 20250702151003.0 | ||
| 008 | 250701b |||||||| |||| 00| 0 eng d | ||
| 020 | _a9789392816944 | ||
| 040 | _coclc | ||
| 082 |
_a615.535 _bGOS/L |
||
| 100 |
_aGoswami, Nitu _cDr. _910593 |
||
| 245 |
_aLocal Health Tradition and Herbal Home Remedies / _cDr.Nitu Goswami, Dr. Rabindranath Pati |
||
| 260 |
_aNew Delhi: _bAbhijeet Publications, _c2024 |
||
| 300 | _a272 pages | ||
| 942 |
_2ddc _cBK _h615.535 _iGOS/L _k615.535 _mGOS/L |
||
| 999 |
_c44601 _d44601 |
||